| 000 | 00418 a2200157 4500 | ||
|---|---|---|---|
| 005 | 20250614072620.0 | ||
| 020 | _a0-471-23062-6 | ||
| 082 | _aLECT 658.8 KOT | ||
| 100 | _aKOTABE, M. | ||
| 245 | _aGlobal Marketing Management. | ||
| 250 | _a3rd Ed. | ||
| 260 |
_aHoboken, _bJohn Wiley & Sons, _c2004. |
||
| 300 |
_axxii, 704p.: ill.; chart, figure, map, table _bIndex _c28cm. |
||
| 700 | _aHELSEN, K. | ||
| 942 |
_2ddc _cBKS |
||
| 999 |
_c4028 _d4028 |
||